000 00531nam a2200181 i 4500
001 112191
003 ES-MaACL
005 20250722093414.0
007 t|
008 061121s1934 xxk r ||||1| eng d
100 1 _aNicolson, Harold.
_985605
245 1 0 _aByron
_b: the last journey /
_cHarold Nicolson.
260 _aLondon :
_bConstable,
_c1934.
300 _aXIII, 288 p. ;
_c20 cm.
600 1 4 _aByron, George Gordon Byron,
_cBaron,
_d1788-1824
_933026
852 _aES-MaACL
_jA-2845
999 _c112191
_d112191